000 01073cam a2200289 i 4500
001 9912087415105606
003 NyNyJPI
005 20260414183431.0
008 070725q19091910xxu |000 d pol c
009 b0000050190590
035 _aUM584297-48omnis_network
035 _azz2007910591
035 _a(PL)b0000050190590
040 _aTOR U
_cTOR U
041 1 _apol
_hger
100 1 _aSchiller, Friedrich
_d(1759-1805)
240 1 0 _aTurandot, Prinzessin von China
_l(pol.)
245 1 0 _aTurandot :
_bbaśń dramatyczna o księżniczce chińskiej : wolny przekład poematu dramatycznego Fryderyka Schillera, podług utworu Karola hr. Gozzi : aktów pięć /
_cKarol Wachtel.
260 _aChicago, Ill. :
_bPolish Publishing Company,
_c[ca 1910]
_e(Chicago, Ill. :
_fDziennik Chicagoski).
300 _a169 s. ;
_c19 cm.
336 _aTekst
_btxt
_2rdacontent
337 _aBez urządzenia pośredniczącego
_bn
_2rdamedia
338 _aWolumin
_bnc
_2rdacarrier
380 _aKsiążki
700 1 _aWachtl, Karol
_d(1876-1946).
_eTłumaczenie
942 _2z
_cBK
_n0
999 _c91121
_d91121